000 00667nam a22002055i 4500
001 48375
003 ES-MaACL
005 20250917063034.0
007 t|
008 950713q18801900fr a ||||1| fre d
040 _aCAM
_bspa
_cCAM
100 1 _aDaudet, Alphonse,
_d1840-1897
_942799
245 1 0 _aPort-Tarascon
_b: dernières aventures de l'illustre Tartarin /
_cAlphonse Daudet; illustrations de Bieler...[et al.].
260 _aParis :
_bErnest Flammarion,
_c[18--?]
300 _a[8], 348 p. :
_bil. ;
_c19 cm.
490 1 _aCollection Guillaume
830 0 _aCollection Guillaume
_9182233
852 _aES-MaACL
_jB-2768
999 _c48375
_d48375